01330nam a2200289 a 450000100060000000300080000600500170001400800410003103500190007204000270009104100130011808200220013110000370015324501970019026000640038730000710045149000380052250000450056050001920060550400500079765000450084765100380089283000090093070000210093971000480096083000320100827643BD-RjUL20211209051201.0140225s1960 ce abc b 001 0 eng d a(BD-RjUL)27722 aUBYcUBYdBD-RjULbeng1 aenghdut a915.489bBAT 19721 aBaldaeus, Philippus,d1632-1672.12aA true and exact description of the great island of Ceylon /cby Phillipus Baldaeus ; a new and unabridged translation into English by Pieter Brohier ; with an introduction by S.D. Saparamadu. a[s.l.] :b[Ceylon Historical Journal],c1960 [Printed 1972] alxvi, 403, lxvii-lxxiii p. :bill., map (1 fold.), ports. ;c22 cm1 aCeylon historical journal ;vv. 8 a"Published in Dutch in Amsterdam, 1672." aTitle continues: Being the section relating to Ceylon of the "Beschrijving der Oost Indische kusten Malabar en Choromandel der zelver aangrenzende ryken en het machtige eyland Ceylon ..." aIncludes bibliographical references and index 0aTamil (Indic people)zSri LankaxHistory 0aSri LankaxDescription and travel 0vv. 81 aBrohier, Pieter.2 aCeylon Branch of the Royal Asiatic Society. 0aCeylon historical journal ;